000 00248nam a2200097Ia 4500
005 20251222114401.0
008 251222s1900||||xx |||||||||||||| ||spa||
082 _aDVD0070/S51L/1948
245 0 _aLadrones de Bicicletas:Ladri di Biciclette
942 _cDVD
999 _c1627
_d1627